Gnatowski, Michał, 1934-. Zgromadzenie Ludowe Zachodniej Białorusi. - Białystok : Wydawn. Uniw.. - 2001 [Rezension]

Titel: Gnatowski, Michał, 1934-. Zgromadzenie Ludowe Zachodniej Białorusi. - Białystok : Wydawn. Uniw.. - 2001 [Rezension]
Verfasser:
In: Studia z dziejów Rosji i Europy Środkowo-Wschodniej, Band 38 (2003), Seite 339-341
alle Artikel anzeigen
Veröffentlicht: 2003
Format: Aufsatz
Sprache: Englisch
Kein Bild verfügbar
X
alg: 39484950
001A    $01999:12-11-16 
001B    $01999:03-08-21 $t21:04:19.000 
001D    $01999:12-11-16 
001U    $0utf8 
001X    $00 
002@    $0Aox 
003@    $0394849507 
007A    $0394849507 $aHEB 
007T    $0Herd75057 
010@    $aeng 
011@    $a2003 
021A    $aGnatowski, Michał, 1934-. Zgromadzenie Ludowe Zachodniej Białorusi. - Białystok : Wydawn. Uniw.. -  2001 [Rezension] 
028A    $aBoćkowski $dDaniel 
031A    $d38 $h339-341 $j2003 
039B    $aIn $8--Abvc--. Studia z dziejów Rosji i Europy Środkowo-Wschodniej. - Warszawa : Wydawn. Naukowe Semper, 1992-. - ISSN 1230-5057 $x200300000380000661 $9048641332 
039T    $8--Aau--Gnatowski, Michał$Z1934- [Tp1]. Zgromadzenie Ludowe Zachodniej Białorusi. - Białystok : Wydawn. Uniw., 2001. - 340 S.. - Ill., Kt.. - ISBN 83-89031-10-8 $9115170723 
045F    $a900.9437 $eDDC23BSB 
045F/01 $a900 
045F/03 $g437 
045F/03 $g438 
045T    $a7,41 

lok: 39484950 78

exp: 39484950 78 1 #EPN
201B/01 $018-11-16 $t12:56:09.000 
201U/01 $0utf8 
203@/01 $0791148106 
208@/01 $a12-11-16 $be 
209A/01 $a/ $f000 $x00 
220C/01 $aTitelaufnehmer: cs 
244Z/01 $2Trx $#Kesk- ja Ida- Euroopa kontseptsioonid $#Vidurio Europos koncepcijos $#East-Central Europe $#Keletközépeurópa-eszmék $#Europa Środkowo-Wschodnia koncepcje $#Európa stredovýchodná koncepcie $#Evropa střední, východní část koncepce $#Mitteleuropa $#Osteuropakonzeptionen $#Europa Środkowa koncepcje $#Stredná Európa koncepcie $#Střední Europa koncepce $8--Trx--Ostmitteleuropakonzeptionen $x01 $9391364286 
244Z/01 $2Trx $#Poola $#Lenkija $#Polija $#Polen Land $#Poland $#Lengyelország $#Poľsko $#Polsko $8--Trx--Polska$gkraj $x02 $9391345966 
244Z/01 $2Trx $#arvustused $#recenzijos $#Reviews $#recenziók $#recenzje $#recenzie $#recenze $8--Trx--Rezensionen $x03 $9391357441 
247C/01 $82080>Marburg/Lahn, Herder-Institut, Forschungsbibliothek, Bibliographieportal $9336309341
LEADER 00000caa a22000002c 4500
001 394849507
003 DE-603
005 20210803210419.0
007 tu
008 161112s2003 xx |||| | u00||u|eng c
035 |a (DE-599)HEB394849507 
040 |a DE-603  |b ger  |c DE-603  |d DE-603 
041 |a eng 
082 0 4 |8 1\u  |a 900.9437  |q DE-101  |2 23/BSB 
084 |a 7,41  |2 ssgn 
085 |8 1\u  |b 900 
085 |8 1\u  |z 2  |s 437 
085 |8 1\u  |z 2  |s 438 
100 1 |a Boćkowski, Daniel 
245 0 0 |a Gnatowski, Michał, 1934-. Zgromadzenie Ludowe Zachodniej Białorusi. - Białystok : Wydawn. Uniw.. - 2001 [Rezension] 
264 0 |c 2003 
773 0 8 |i In  |t Studia z dziejów Rosji i Europy Środkowo-Wschodniej  |d Warszawa : Wydawn. Naukowe Semper, 1992-  |x 1230-5057  |g Band 38 (2003), Seite 339-341  |w (DE-603)048641332  |w (DE-600)1176803-4 
787 0 8 |i Rezension von  |a Gnatowski, Michał, 1934-  |t Zgromadzenie Ludowe Zachodniej Białorusi  |d Białystok : Wydawn. Uniw., 2001  |h 340 S., Ill., Kt.  |z 8389031108  |w (DE-603)115170723 
924 0 |9 2080  |a (DE-603)791148106  |b DE-2080  |c HES  |d d  |g /